| 000 | 00730nam a22002532 4500 | ||
|---|---|---|---|
| 999 |
_c18564 _d18564 |
||
| 001 | 0000012717 | ||
| 003 | OSt | ||
| 005 | 20201009131626.0 | ||
| 008 | 090316s xx 000 0 eng d | ||
| 020 | _a133740571X | ||
| 040 |
_aKABU _cKABU |
||
| 050 |
_aTK5105.59 _b.W45 2019 c.1 |
||
| 100 | 1 | _aWhitman, Michael E. | |
| 245 | 1 | 0 |
_aManagement of information security / _cMichael E. Whitman, Herbert J. Mattord. |
| 250 | _a6th ed. | ||
| 260 |
_aAustralia _bCengage _c2019 |
||
| 300 | _axxiv, 728p. | ||
| 650 | 0 |
_aComputer networks _xSecurity measures. |
|
| 650 | 0 | _aComputer security. | |
| 700 | 1 | _a Herbert J. Mattord | |
| 908 | _a090316 | ||
| 942 |
_2lcc _cBK |
||